00255nam a2200109Ia 4500008004100000020001800041082001400059100003000073245001900103260001000122500001300132260604s9999 xx 000 0 und d a9781250174857 a813.6 PRE aA Feiwel And Friends Book 0aBlood Mountain bSHREE aMountain